000
00299nam a22001337a 4500
008
180306b xxu||||| |||| 00| 0 eng d
020
_a
9781551107523
041
_a
eng
080
_a
612.39
100
_a
10
101
_a
NUT
245
_a
The essentials vegetarian cookbook
_c
Co
942
_2
udc
_c
BK
999
_c
44233
_d
44233